[Event "SD-2012-0-00143"]
[Site "LSS email"]
[Date "2012.08.20"]
[Round "?"]
[White "Perepechenko, Vladislav"]
[Black "Malish, Dmitriy"]
[Result "1-0"]
[WhiteElo "1972"]
[BlackElo "1034"]
[PlyCount "21"]
[EventDate "2012.07.11"]
[EventType "tourn (corr)"]
[EventRounds "6"]
[EventCountry "GER"]
[SourceTitle "Corr 2015"]
[Source "ChessBase"]
[SourceDate "2015.07.17"]
[SourceVersion "1"]
[SourceVersionDate "2015.07.17"]
[SourceQuality "1"]

1. e4 e5 2. Nf3 Nf6 3. Nxe5 d6 4. Nf3 Nxe4 5. d3 Nf6 6. d4 Be7 7. Bd3 Bg4 8. 0-0 0-0 9. Re1 Bxf3 10. Qxf3 c6 11. Bg5 1-0

[Event "SD-2012-0-00142"]
[Site "LSS email"]
[Date "2012.08.19"]
[Round "?"]
[White "Perepechenko, Vladislav"]
[Black "Willmann, Bernd"]
[Result "1/2-1/2"]
[WhiteElo "1948"]
[BlackElo "1850"]
[PlyCount "54"]
[EventDate "2012.06.28"]
[EventType "tourn (corr)"]
[EventRounds "6"]
[EventCountry "GER"]
[SourceTitle "Telechess CBM 159"]
[Source "ChessBase"]
[SourceDate "2014.03.17"]
[SourceVersion "1"]
[SourceVersionDate "2014.03.17"]
[SourceQuality "1"]

1. e4 c5 2. Nf3 Nc6 3. Bb5 g6 4. 0-0 Bg7 5. c3 Nf6 6. Re1 0-0 7. d4 cxd4 8. cxd4 d5 9. e5 Ne4 10. Nc3 Nxc3 11. bxc3 Na5 12. Bg5 h6 13. Be3 Nc4 14. Bxc4 dxc4 15. Nd2 Be6 16. f3 Qd5 17. Ne4 f5 18. exf6 exf6 19. a4 g5 20. Qb1 b6 21. Ng3 Rfe8 22. Qg6 Bf7 23. Qc2 Rad8 24. Bf2 Be6 25. Qg6 Bf7 26. Rxe8+ Rxe8 27. Qb1 Qa5 1/2-1/2

[Event "SD-2012-0-00142"]
[Site "LSS email"]
[Date "2012.08.17"]
[Round "?"]
[White "Nowak, Andrzej"]
[Black "Perepechenko, Vladislav"]
[Result "0-1"]
[WhiteElo "1536"]
[BlackElo "1948"]
[PlyCount "156"]
[EventDate "2012.06.28"]
[EventType "tourn (corr)"]
[EventRounds "6"]
[EventCountry "GER"]
[SourceTitle "Telechess CBM 159"]
[Source "ChessBase"]
[SourceDate "2014.03.17"]
[SourceVersion "1"]
[SourceVersionDate "2014.03.17"]
[SourceQuality "1"]

1. f4 d5 2. Nf3 Nf6 3. e3 g6 4. d4 Bg7 5. Bd3 0-0 6. 0-0 c5 7. c3 b6 8. Qe2 Bb7 9. b3 Ne4 10. Bb2 Nd7 11. Na3 e6 12. Bxe4 dxe4 13. Ne5 Qe7 14. Nxd7 Qxd7 15. dxc5 bxc5 16. Rad1 Qe7 17. c4 Bxb2 18. Qxb2 Rad8 19. Qc2 a6 20. Nb1 e5 21. fxe5 Qxe5 22. Nc3 Bc6 23. Ne2 Rfe8 24. Nf4 a5 25. Rf2 Rxd1+ 26. Qxd1 Kg7 27. Rf1 a4 28. bxa4 Ra8 29. Nd5 Rxa4 30. Qb3 f5 31. Rd1 Kh6 32. Kh1 Ra6 33. Rc1 Ra8 34. Rb1 Rd8 35. Rd1 Rc8 36. Nc3 Rb8 37. Nb5 f4 38. exf4 Qxf4 39. Qh3+ Kg7 40. Qe6 Rf8 41. h3 e3 42. Nc3 Rf6 43. Qe7+ Kh6 44. Rg1 Rf5 45. Qe6 Ba8 46. Qe8 Bb7 47. Qe7 Ba6 48. Nd5 Qe5 49. Qxc5 e2 50. Qe3+ Qxe3 51. Nxe3 Rf4 52. c5 Kg5 53. Re1 Rf1+ 54. Nxf1 exf1Q+ 55. Rxf1 Bxf1 56. c6 Kf5 57. c7 Ba6 58. g4+ Ke6 59. Kg2 g5 60. Kf3 Bb7+ 61. Ke3 Kd7 62. Kd4 Bg2 63. Ke5 Bxh3 64. Kf5 h5 65. Kxg5 hxg4 66. Kf4 Kxc7 67. Kg3 Kb6 68. Kf2 Kb5 69. Kg3 Kb4 70. Kf2 Ka3 71. Kg3 Kxa2 72. Kf2 Kb3 73. Kg3 Kc3 74. Kf2 Kd3 75. Kg3 Ke3 76. Kh2 Kf2 77. Kh1 Bg2+ 78. Kh2 g3# 0-1

[Event "SD-2012-0-00142"]
[Site "LSS email"]
[Date "2012.08.17"]
[Round "?"]
[White "Perepechenko, Vladislav"]
[Black "Hall, Dick"]
[Result "1-0"]
[WhiteElo "1948"]
[BlackElo "1638"]
[PlyCount "69"]
[EventDate "2012.06.28"]
[EventType "tourn (corr)"]
[EventRounds "6"]
[EventCountry "GER"]
[SourceTitle "Telechess CBM 159"]
[Source "ChessBase"]
[SourceDate "2014.03.17"]
[SourceVersion "1"]
[SourceVersionDate "2014.03.17"]
[SourceQuality "1"]

1. e4 e5 2. Nf3 Nc6 3. Bb5 a6 4. Ba4 Nf6 5. 0-0 Be7 6. Re1 b5 7. Bb3 d6 8. c3 0-0 9. h3 Na5 10. Bc2 c5 11. d3 Bb7 12. Nbd2 Re8 13. Nf1 Nc6 14. Ng3 Bc8 15. d4 cxd4 16. cxd4 Bf8 17. d5 Na5 18. b3 Bd7 19. Be3 Rc8 20. Bd3 Qc7 21. Qe2 Be7 22. Reb1 Bd8 23. Nd2 Qb8 24. b4 Nb7 25. a4 bxa4 26. Bxa6 Rc3 27. Bb5 Qc7 28. Bxa4 Bxa4 29. Rxa4 Be7 30. Rb2 Rc8 31. Ra7 Qb8 32. Qa6 R3c7 33. Rc2 Nd8 34. Nf5 Rxc2 35. Nxe7+ 1-0